Statistics for Top 30 Rugby Countries by Highest Ranking

Click here to take the quiz!

General Stats

  • This quiz has been taken 22 times
  • The average score is 14 of 30

Answer Stats

AnswerCurrent PositionHighestLowest% Correct
New Zealand4th1st5th
100%
Ireland1st1st9th
95%
South Africa2nd1st7th
95%
Australia9th2nd9th
90%
England8th1st8th
90%
Wales10th1st10th
86%
France3rd1st10th
76%
Scotland5th5th12th
76%
Argentina6th3rd12th
67%
Fiji7th7th16th
62%
Italy13th8th15th
57%
Japan14th7th20th
52%
Samoa12th7th17th
52%
Tonga15th9th20th
48%
Canada23rd11th24th
38%
United States17th12th20th
38%
Georgia11th11th23rd
33%
Namibia21st18th29th
33%
Portugal16th16th30th
24%
Romania19th13th20th
24%
Russia25th16th26th
24%
Spain20th15th32nd
24%
Uruguay18th14th23rd
24%
Hong Kong24th21st39th
14%
Belgium29th21st55th
10%
Brazil28th24th45th
10%
Netherlands26th23rd48th
10%
Chile22nd21st31st
5%
South Korea30th30thN/A
5%
Switzerland27th27th67th
0%

Score Distribution

Percentile by Number Answered

Percent of People with Each Score

Your Score History

You have not taken this quiz